000 00624nam a2200229Ia 4500
003 OSt
005 20220918202604.0
006 a|||||r|||| 00| 0
007 ta
008 220917b |||||||| |||| 00| 0 eng d
024 _a102,374
037 _cTextual
040 _aARTS
_cARTS
_beng
041 _2eng
_aeng
082 _aV251M57, J6 (EV)
100 _aLeasor James
_960321
245 0 _aRed Fort
_b An account of the siege of Delhi in 1857
260 _aLondon
_bWerner Laurie
_c1956
650 _aHISTORY
942 _hV251M57, J6 (EV)
_cTEXL
_2CC
999 _c225828
_d225828